| 000 | 01378cam a22003737a 4500 | ||
|---|---|---|---|
| 003 | CHAP | ||
| 005 | 20220817043711.0 | ||
| 008 | 000829d2000 mx r 00110 esp d | ||
| 010 | _a82111 | ||
| 011 | _a83083 | ||
| 020 | _a9687798998 | ||
| 035 | _a93591 | ||
| 040 | _cCHAP | ||
| 082 | 0 | 4 |
_a507.2 _bA8 |
| 100 | 0 | 0 |
_aOrtega Ponce, Claudia. _983857 |
| 245 | 1 | 3 |
_aLa investigación tecnológica en la Universidad Autónoma del Estado de México : _belementos para la construcción de una red socio-técnica _c/por Claudia Ortega Ponce |
| 260 |
_aMéxico, D. F. : _bAsociación Nacional de Universidades e Instituciones de Educación Superior, _c2000. |
||
| 300 | _a129 p. | ||
| 410 | _aANUIES | ||
| 490 | 0 | _aBiblioteca de la educación superior. Serie investigaciones | |
| 590 |
_aBATCH-UPD _b10 _c20130110 _lUCH01 _h0821 |
||
| 590 |
_aBATCH-UPD _b10 _c20130410 _lUCH01 _h0459 |
||
| 590 |
_aBATCH-UPD _b10 _c20130914 _lUCH01 _h0618 |
||
| 590 |
_aCONVERSION _b10 _c20130109 _lUCH01 _h1346 |
||
| 650 | 1 | 4 |
_aEducación _xInvestigación. _935457 |
| 650 | 1 | 4 |
_aInvestigación. _960221 |
| 650 | 1 | 4 |
_aTecnología _xInvestigación. _9111951 |
| 810 | 0 | 0 |
_aANUIES _96161 |
| 830 | 0 | _aBiblioteca de la educación superior. Serie investigaciones | |
| 901 | _aBK | ||
| 905 | _aLilia Sánchez G. | ||
| 942 | _cLIBRO | ||
| 949 |
_a507.2 A8 _bBC _cLIBRO _d33724000788212 _eLIBRO _h98558 _i93591 _si |
||
| 999 |
_c82111 _d82111 |
||